MatGeo Generał Wiedza - Statystyki

Ogólne statystyki
  • Ten quiz został rozwiązany 3 razy
  • Średni wynik to 21 z 34
Statystyki odpowiedzi
Hint Odpowiedź % Poprawnych
Którą z kolei osobą przychodzącą pod salę rano jest Marta? 1
100%
Do jakiego poziomu Fryderyk wytrwał na beep teście? 100
100%
Ile kartek A4 cytatów Franek zapisał na polskim w 4 klasie? 6
100%
Ulubiona nauczycielka Klareckiego Chemica
100%
Podaj jeden sport w jakim Piotrek reprezentował liceum Koszykówka, Piłka nożna
100%
Kogo Bartek rozebrał w szatni? Łysego
100%
Czy Amelia czuje zimno? Nie
100%
Na jakiej lekcji Kusza powiedział K worda? Religia
100%
Jaką funkcję pełniła Zuzia Ostynowicz w 2 klasie? Skarbnik
100%
W co profesjonalnie gra Maja Kwiryng? Valorant
100%
Gdzie według Gosi jest zamek? W Kamieniu
100%
Którego nauczyciela Alan obrzygał na studniówce? Żerkowskiego
100%
Z jakiej wysokości Jakub Marcin Piotr Majer skręcił kostkę? (w cm) 32,3
50%
Przez kogo Beniamin miał kontuzje w 1 klasie? Adam
50%
O jakim państwie Maja Tokarz i Alan zrobili prezentację? Czechach
50%
Jakiej sekcji samorządu Marcjanna była przewodniczącą? Dekoracyjna
50%
Kim jest Szymon? Hejterem
50%
Jaką kategorie w ankiecie z 2 klasy wygrał Borys? Kto pierwszy pójdzie do więzienia
50%
Z czego Zosia dostała jedynkę za brak pracy domowej? Matematyka
50%
Z czego śmiał się Seba, za co Renia obiecała zemstę? Niemieckiego
50%
Co produkują rodzice Hanii? Okna
50%
Kto spierdolił z klasy? Ola
50%
Jaka jest ulubiona gleba Łysego? Rędzina
50%
Z kim siedziała Oliwia w 1 klasie na matematyce? Sebastian
50%
Jakie karty ma Zuza Wojciechowska? Swojskie ziemniaczki, Tarot
50%
Gdzie był Filip? W Bułgarii
50%
Co znajduje się w lodówce Żerka? Wino w postaci stałej
50%
Jaki kolor ma motocykl Tomka? Zielony
50%
Co zrobiła Wiktoria na wycieczce do Warszawy? Zniknęła
50%
Jak nazywano potocznie włosy Stasia? Zupka chińska
50%
Czym powiało wg Mateusza Jędro? Chłodem
0%
Kim chce zostać Julek? Filologiem Portugalskim
0%
Jak się nazywa grupa taneczna Natalii? Revolta
0%
Jaką ksywę ma chłopak Marii? Śmietana
0%
Nie znaleziono quizów pasujących do podanych kryteriów
Rozkład punktacji
Procent ludzi z każdym wynikiem
Percentyl według liczby udzielonych odpowiedzi
Twoja historia wyników
Nie rozwiązałeś tego quizu